Normal view
MARC view
Entry Personal Name
001 - CONTROL NUMBER
- control field: 1238962
003 - CONTROL NUMBER IDENTIFIER
- control field: OSt
005 - DATE AND TIME OF LATEST TRANSACTION
- control field: 20260511123605.0
008 - FIXED-LENGTH DATA ELEMENTS
- fixed length control field: 260511|| aca||aabn | a|a d
040 ## - CATALOGING SOURCE
- Original cataloging agency: OSt
- Transcribing agency: OSt
100 ## - HEADING--PERSONAL NAME
- Personal name: Homan, Mark S
670 ## - SOURCE DATA FOUND
- Source citation: Work cat.: (OSt)1851174: Homan, Mark S, Rules of the Game: Lessons from the Field of Community Change, 2018
